Caps for sale : (Record no. 3315)
[ view plain ]
| 000 -LEADER | |
|---|---|
| fixed length control field | 01343cam a2200361 i 4500 |
| 005 - DATE AND TIME OF LATEST TRANSACTION | |
| control field | 20240229095500.0 |
| 020 ## - INTERNATIONAL STANDARD BOOK NUMBER | |
| International Standard Book Number | 9780439120616 |
| 040 ## - CATALOGING SOURCE | |
| Original cataloging agency | YDX |
| Language of cataloging | eng |
| Transcribing agency | YDX |
| Description conventions | rda |
| Modifying agency | BDX |
| -- | OCLCQ |
| -- | TOH |
| -- | IOU |
| -- | ZQP |
| -- | IGA |
| -- | UAP |
| -- | NDS |
| -- | EHH |
| -- | OCLCF |
| -- | PFLCL |
| -- | NHP |
| -- | OCL |
| -- | VP@ |
| -- | IXA |
| -- | OCL |
| -- | DLC |
| 050 00 - LIBRARY OF CONGRESS CALL NUMBER | |
| Classification number | PZ7.S6334 |
| 082 00 - DEWEY DECIMAL CLASSIFICATION NUMBER | |
| Classification number | 813 |
| 100 1# - MAIN ENTRY--PERSONAL NAME | |
| Personal name | Slobodkina, Esphyr |
| Dates associated with a name | 1908-2002, |
| 245 10 - TITLE STATEMENT | |
| Title | Caps for sale : |
| Statement of responsibility, etc. | Told & illustrated by Esphyr Slobodkina |
| Remainder of title | A tale of a peddler, Some monkeys and their monkey business / |
| 250 ## - EDITION STATEMENT | |
| Edition statement | First Scholastic printing , October 1999 |
| 260 ## - PUBLICATION, DISTRIBUTION, ETC. | |
| Place of publication, distribution, etc. | New York : |
| Name of publisher, distributor, etc. | Scholastic , |
| Date of publication, distribution, etc. | 1940 |
| 300 ## - PHYSICAL DESCRIPTION | |
| Extent | 45 unnumbered pages : |
| Other physical details | color illustrations ; |
| Dimensions | 26 cm. |
| 490 0# - SERIES STATEMENT | |
| Series statement | Caps for sale |
| 505 ## - FORMATTED CONTENTS NOTE | |
| Formatted contents note | J <br/> |
| 520 ## - SUMMARY, ETC. | |
| Summary, etc. | A band of mischievous monkeys steals every one of a peddler's caps while he takes a nap under a tree. |
| 521 1# - TARGET AUDIENCE NOTE | |
| Target audience note | 480 <br/> |
| Source | Lexile <br/> |
| 521 1# - TARGET AUDIENCE NOTE | |
| Target audience note | J <br/> |
| Source | Raz-Plus <br/> |
| 650 #0 - SUBJECT ADDED ENTRY--TOPICAL TERM | |
| Topical term or geographic name entry element | Peddlers |
| Form subdivision | Juvenile fiction |
| 650 #0 - SUBJECT ADDED ENTRY--TOPICAL TERM | |
| Topical term or geographic name entry element | Hats |
| Form subdivision | Juvenile fiction |
| 650 #0 - SUBJECT ADDED ENTRY--TOPICAL TERM | |
| Topical term or geographic name entry element | Monkeys |
| Form subdivision | Juvenile fiction |
| 650 #0 - SUBJECT ADDED ENTRY--TOPICAL TERM | |
| Topical term or geographic name entry element | Friendship |
| Form subdivision | Juvenile fiction |
| 650 #1 - SUBJECT ADDED ENTRY--TOPICAL TERM | |
| Topical term or geographic name entry element | Peddlers |
| Form subdivision | Fiction |
| 650 #1 - SUBJECT ADDED ENTRY--TOPICAL TERM | |
| Topical term or geographic name entry element | Hats |
| Form subdivision | Fiction |
| 650 #1 - SUBJECT ADDED ENTRY--TOPICAL TERM | |
| Topical term or geographic name entry element | Monkeys |
| Form subdivision | Fiction |
| 650 #1 - SUBJECT ADDED ENTRY--TOPICAL TERM | |
| Topical term or geographic name entry element | Friendship |
| Form subdivision | Fiction |
| 700 1# - ADDED ENTRY--PERSONAL NAME | |
| Personal name | Slobodkina, Esphyr |
| Relator term | author |
| -- | illustrator |
| 906 ## - LOCAL DATA ELEMENT F, LDF (RLIN) | |
| a | 7 |
| b | cbc |
| c | copycat |
| d | 2 |
| e | ncip |
| f | 20 |
| g | y-gencatlg |
| 942 ## - ADDED ENTRY ELEMENTS (KOHA) | |
| Source of classification or shelving scheme | Dewey Decimal Classification |
| Koha item type | Books |
| Suppress in OPAC | No |
| 999 ## - | |
| -- | 3315 |
| -- | 3315 |
| Withdrawn status | Lost status | Source of classification or shelving scheme | Damaged status | Not for loan | Collection | Home library | Current library | Shelving location | Date acquired | Total Checkouts | Full call number | Barcode | Date last seen | Date last checked out | Copy number | Price effective from | Koha item type |
|---|---|---|---|---|---|---|---|---|---|---|---|---|---|---|---|---|---|
| Dewey Decimal Classification | Juvenile Fiction | Footprints International School Library Network Toul Kork Campus | Footprints International School Library Network Toul Kork Campus | 02/27/2024 | SLO 813 PZ7.S6334 | FISBK05556 | 02/27/2024 | 2 | 02/27/2024 | Books | |||||||
| Dewey Decimal Classification | Juvenile Fiction | Footprints International School Library Network Toul Kork Campus | Footprints International School Library Network Toul Tom Poung Campus | 02/27/2024 | 1 | SLO 813 PZ7.S6334 | FISTK02637 | 10/08/2025 | 03/11/2024 | 1 | 02/27/2024 | Books |
